Chủ doanh nghiệp với các báo cáo tài chính : Sách chuyên khảo

Giới thiệu về báo cáo tài chính với chủ doanh nghiệp, những người nắm vai trò quản lí và điều hành doanh nghiệp, đồng thời đưa ra cách đọc và phân tích các báo cáo tài chính cho các chủ doanh nghiệp....

全面介绍

Đã lưu trong:
书目详细资料
主要作者: Nguyễn, Trọng Cơ
格式: 图书
语言:Undetermined
出版: Hà Nội Tài chính 2015
主题:
标签: 添加标签
没有标签, 成为第一个标记此记录!
Thư viện lưu trữ: Trung tâm Học liệu Trường Đại học Cần Thơ
LEADER 00965nam a2200217Ia 4500
001 CTU_203471
008 210402s9999 xx 000 0 und d
020 |c 198000 
082 |a 658.1512 
082 |b C460 
100 |a Nguyễn, Trọng Cơ 
245 0 |a Chủ doanh nghiệp với các báo cáo tài chính : 
245 0 |b Sách chuyên khảo 
245 0 |c Nguyễn Trọng Cơ 
260 |a Hà Nội 
260 |b Tài chính 
260 |c 2015 
520 |a Giới thiệu về báo cáo tài chính với chủ doanh nghiệp, những người nắm vai trò quản lí và điều hành doanh nghiệp, đồng thời đưa ra cách đọc và phân tích các báo cáo tài chính cho các chủ doanh nghiệp. 
650 |a Báo cáo tài chính,Ngân sách,Financial statements,Budget 
904 |i Tuyến 
980 |a Trung tâm Học liệu Trường Đại học Cần Thơ